| 000 | 00419nam a22001817a 4500 | ||
|---|---|---|---|
| 003 | MPLRDC | ||
| 005 | 20220104123649.0 | ||
| 008 | 210129b ||||| |||| 00| 0 eng d | ||
| 082 | _a411.3 LXG | ||
| 100 | _a林秀光 | ||
| 245 |
_a因水而死 _c |
||
| 250 | _a六版 | ||
| 260 |
_a _b正义出版社 _c1992 |
||
| 300 | _b平 | ||
| 490 | _a健康丛书. 94 | ||
| 650 | _a营养与食品 | ||
| 942 |
_cBK _o411.3 LXG |
||
| 999 |
_c13200 _d13190 |
||